书目信息 |
| 题名: |
旅游景区解说系统规划与设计
|
|
| 作者: | 张立明 , 胡道华 著 | |
| 分册: | ||
| 出版信息: | 北京 中国旅游出版社 2006 |
|
| 页数: | 285页 | |
| 开本: | 23cm | |
| 丛书名: | ||
| 单 册: | ||
| 中图分类: | F592.6 | |
| 科图分类: | ||
| 主题词: | 风景区--导游--研究--中国 , 风景区 , 导游 | |
| 电子资源: | ||
| ISBN: | 7-5032-2971-3 | |
| 000 | 01123nam0 2200277 450 | |
| 001 | 003355899 | |
| 005 | 20091207084310.44 | |
| 010 | @a7-5032-2971-3@dCNY29.80 | |
| 100 | @a20070109d2006 em y0chiy0110 ea | |
| 101 | 0 | @achi |
| 102 | @aCN@b110000 | |
| 105 | @aa z 000yy | |
| 106 | @ar | |
| 200 | 1 | @a旅游景区解说系统规划与设计@9lv you jing qu jie shuo xi tong gui hua yu she ji@dInterpretation system planning and designing of scenic areas@f张立明,胡道华著@zeng |
| 210 | @a北京@c中国旅游出版社@d2006 | |
| 215 | @a285页@c图@d23cm | |
| 330 | @a本书在借鉴和吸收发达国家旅游景区解说的经验和理论成果的基础上,针对国内旅游景区解说现状,全面系统地论述了旅游景区解说系统规划与设计的理论与方法,系统地提出了旅游景区解说的展示方式以及解说系统的目标、任务、内容和规划设计要求。 | |
| 510 | 1 | @aInterpretation system planning and designing of scenic areas@zeng |
| 606 | 0 | @a风景区@x导游@x研究@y中国 |
| 606 | 0 | @a风景区 |
| 606 | 0 | @a导游 |
| 690 | @aF592.6@v4 | |
| 701 | 0 | @a张立明@9zhang li ming@c(旅游学)@4著 |
| 701 | 0 | @a胡道华@9hu dao hua@4著 |
| 801 | 0 | @aCN@bNLC@c20091207 |
| 905 | @b20795586-90@dF592.6@e245@f5 | |
| 旅游景区解说系统规划与设计=Interpretation system planning and designing of scenic areas/张立明,胡道华著.-北京:中国旅游出版社,2006 |
| 285页:图;23cm |
| ISBN 7-5032-2971-3:CNY29.80 |
| 本书在借鉴和吸收发达国家旅游景区解说的经验和理论成果的基础上,针对国内旅游景区解说现状,全面系统地论述了旅游景区解说系统规划与设计的理论与方法,系统地提出了旅游景区解说的展示方式以及解说系统的目标、任务、内容和规划设计要求。 |
| ● |
| 相关链接 |
|
|
|
|
正题名:旅游景区解说系统规划与设计
索取号:F592.6/245
 
预约/预借
| 序号 | 登录号 | 条形码 | 馆藏地/架位号 | 状态 | 备注 |
| 1 | 795586 | 207955863 | 第一样本阅览室/ [索取号:F592.6/245] | 在馆 | |
| 2 | 795587 | 207955872 | 第一借阅区/ [索取号:F592.6/245] | 在馆 | |
| 3 | 795588 | 207955881 | 第一借阅区/ [索取号:F592.6/245] | 在馆 | |
| 4 | 795589 | 207955890 | 第一借阅区/ [索取号:F592.6/245] | 在馆 | |
| 5 | 795590 | 207955907 | 密集书库-资源管理系/ [索取号:F592.6/245] | 在馆 |